000 00866nas a2200289 4500
001 BR9604826
003 BR-BrBNA
005 20231205095805.0
007 ta
008 230509b bl.|||p| |||| 00| 00por d
040 _aBR-BrBNA
_bpor
_cBiblioteca Nacional de Agricultura
041 _a(Pt)
072 _aH60
100 1 _aVoll, E.
100 1 _aGazziero, D.L.P.
100 1 _aKaram, D.
245 1 _aDinamica de populacoes de Brachiaria plantaginea (Link)Hitch. sob manejos de solo e de herbicidas; 2: emergencia
650 _aSoja
650 _aPapua
650 _aHerbicida
650 _aEmergencia
650 _aPlantio Direto
650 _aControle Quimico
773 0 _tPesquisa Agropecuaria Brasileira (Brazil)
_xISSN 0100-204X
_g(Jan 1996), v. 31(1) p. 27-35
_wBR9604826
909 _a202311
_bLúcia
_c55
_dLúcia Elande
942 _2AGRIS
_n0
_cANA
999 _c152731
_d152731